Management information systems. / (Record no. 1798)
[ view plain ]
| 000 -LEADER | |
|---|---|
| fixed length control field | 01919cam a2200277 a 4500 |
| 001 - CONTROL NUMBER | |
| control field | 13695256 |
| 005 - DATE AND TIME OF LATEST TRANSACTION | |
| control field | 20210414114056.0 |
| 008 - FIXED-LENGTH DATA ELEMENTS--GENERAL INFORMATION | |
| fixed length control field | 040823s2006 maua b 001 0 eng |
| 020 ## - INTERNATIONAL STANDARD BOOK NUMBER | |
| International Standard Book Number | 007293588X |
| 040 ## - CATALOGING SOURCE | |
| Original cataloging agency | DLC |
| Transcribing agency | DLC |
| Modifying agency | DLC |
| 050 00 - LIBRARY OF CONGRESS CALL NUMBER | |
| Classification number | T58.6.O26 |
| Item number | |
| 100 1# - MAIN ENTRY--PERSONAL NAME | |
| Personal name | O'Brien, James A., |
| 245 10 - TITLE STATEMENT | |
| Title | Management information systems. / |
| Statement of responsibility, etc. | James A. O'Brien, George M. Marakas. |
| 250 ## - EDITION STATEMENT | |
| Edition statement | 7th ed. |
| 260 ## - PUBLICATION, DISTRIBUTION, ETC. | |
| Place of publication, distribution, etc. | Boston : |
| Name of publisher, distributor, etc. | McGraw-Hill Irwin, |
| Date of publication, distribution, etc. | c2006. |
| 300 ## - PHYSICAL DESCRIPTION | |
| Extent | xxxi, 592 p. : |
| Other physical details | col. ill. ; |
| Dimensions | 29 cm. |
| 504 ## - BIBLIOGRAPHY, ETC. NOTE | |
| Bibliography, etc. note | Includes bibliographical references and indexes. |
| 505 ## - FORMATTED CONTENTS NOTE | |
| Formatted contents note | Contents: Foundations concepts: Foundation of information systems in business -- Competing with information technology -- Information technologies: Computer hardware -- Computer software -- Data resource management -- Telecommunications and networks -- Business applications: Electronic business systems -- Enterprise business systems -- Electronic commerce systems -- Decision support systems -- Development processes: Developing business/IT strategies -- Developing business/IT solutions -- Management challenges: Security and ethical challenges -- Enterprise and global management of information technology -- Appendix: Real world case studies -- Review quiz answers -- Selected references -- Glossary for business professionals. |
| 650 #0 - SUBJECT ADDED ENTRY--TOPICAL TERM | |
| Topical term or geographic name entry element | Management information systems. |
| 700 1# - ADDED ENTRY--PERSONAL NAME | |
| Personal name | Marakas, George M. |
| 856 42 - ELECTRONIC LOCATION AND ACCESS | |
| Materials specified | Publisher description |
| Uniform Resource Identifier | <a href="http://www.loc.gov/catdir/enhancements/fy0618/2004058196-d.html">http://www.loc.gov/catdir/enhancements/fy0618/2004058196-d.html</a> |
| 856 41 - ELECTRONIC LOCATION AND ACCESS | |
| Materials specified | Table of contents only |
| Uniform Resource Identifier | <a href="http://www.loc.gov/catdir/enhancements/fy0618/2004058196-t.html">http://www.loc.gov/catdir/enhancements/fy0618/2004058196-t.html</a> |
| 856 42 - ELECTRONIC LOCATION AND ACCESS | |
| Materials specified | Contributor biographical information |
| Uniform Resource Identifier | <a href="http://www.loc.gov/catdir/enhancements/fy0737/2004058196-b.html">http://www.loc.gov/catdir/enhancements/fy0737/2004058196-b.html</a> |
| 942 ## - ADDED ENTRY ELEMENTS (KOHA) | |
| Source of classification or shelving scheme | Library of Congress Classification |
| Koha item type | Books |
| Withdrawn status | Lost status | Source of classification or shelving scheme | Damaged status | Not for loan | Home library | Current library | Shelving location | Date acquired | Total Checkouts | Full call number | Barcode | Date last seen | Copy number | Price effective from | Koha item type | Source of acquisition |
|---|---|---|---|---|---|---|---|---|---|---|---|---|---|---|---|---|
| Library of Congress Classification | WISCONSIN INTERNATIONAL UNIVERSITY COLLEGE, GHANA - MAIN LIBRARY | WISCONSIN INTERNATIONAL UNIVERSITY COLLEGE, GHANA - MAIN LIBRARY | General Stacks | 23/07/2012 | T58.6.O26 | 5894/12 | 23/07/2012 | 1 | 23/07/2012 | Books | ||||||
| Library of Congress Classification | WISCONSIN INTERNATIONAL UNIVERSITY COLLEGE, GHANA - MAIN LIBRARY | WISCONSIN INTERNATIONAL UNIVERSITY COLLEGE, GHANA - MAIN LIBRARY | General Stacks | 23/07/2012 | T58.6.O261 | 5895/12 | 23/07/2012 | 2 | 23/07/2012 | Books | ||||||
| Library of Congress Classification | WISCONSIN INTERNATIONAL UNIVERSITY COLLEGE, GHANA KUMASI LIBRARY | WISCONSIN INTERNATIONAL UNIVERSITY COLLEGE, GHANA KUMASI LIBRARY | General Stacks | 15/11/2019 | T58.6.O26(7e) | K/2427/2427/19 | 22/07/2020 | 22/07/2020 | Books | STM |
